000 00765nam a22002177a 4500
999 _c65542
_d65542
005 20240530110830.0
008 190903s2000 ua a g b 000 0 ara d
017 _bمصر. دار الكتب
040 _aEG-CaGPL
_cEG-CaGPL
082 0 4 _221
_a801.951 \
_bص ش
100 0 _aمجموعة مؤلفين
245 1 2 _aالشعرية الاوربية وديكتاتورية الروح /
_cمجموعة مؤلفين ؛ ترجمة ظبية خميس
250 _aط.1
260 _aالقاهرة :
_bدار الحوار للنشروالتوزيع،
_c2000
300 _a144 ص. ؛
_c20 سم.
650 0 7 _2qrmak
_aاللغة العربية
650 0 7 _aالشعر
_2qrmak
651 _2qrmak
700 0 _aظبية خميس
_eمترجم
942 _2ddc
_cBK